Statistics for Football Clubs in the Top 5 Leagues with Smallest Stadiums

Click here to take the quiz!

General Stats

  • This quiz has been taken 51 times
  • The average score is 10 of 25

Answer Stats

CapacityStadiumAnswer% Correct
18523Stade Louis IIAS Monaco
70%
22456Turf MoorBurnley
64%
8050Estadio Municipal de IpurúaSD Eibar
64%
17393Coliseum Alfonso PérezGetafe
61%
16416Sardegna ArenaCagliari
59%
23717MAPEI Stadium - Città del TricoloreSassuolo
50%
22467Stadion An der Alten FörstereiUnion Berlin
45%
22000Estadio Ramón de CarranzaCadiz
41%
15931Stade Francis-Le BléBrest
39%
17835Stade Raymond-KopaAngers SCO
36%
19840Estadio de MendizorrozaDeportivo Alavés
36%
23156Estadio Nuevo Los CármenesGranada
36%
7638Estadio El AlcorazHuesca
34%
186696Stade Municipal du RayNice
34%
21300Gewiss StadiumAtalanta Bergamo
32%
15697Altrad StadiumMontpellier
32%
19800Estadio El SadarOsasuna
32%
21684Stade Auguste-Delaune IIReims
32%
21473Stadio Ennio TardiniParma
30%
10336Stadio Alberto PiccoSpezia
30%
17554Stadio Ciro VigoritoBenevento
27%
18482Stade des CostièresNimes
27%
16098Stade Gaston-GérardDijon
25%
18970Stade Yves Allainmat - Le MoustoirLorient
23%
16108Stadio Ezio ScidaCrotone
20%

Score Distribution

Percentile by Number Answered

Percent of People with Each Score

Your Score History

You have not taken this quiz